|
|
|
|
| LEADER |
00000nab a2200000 a 4500 |
| 001 |
vtls000385463 |
| 003 |
SK-MaSNL |
| 005 |
20260303210534.0 |
| 008 |
230814c1990 xo 0 slo |
| 015 |
|
|
|a SNBRB19rr/mm-uuuuu
|
| 035 |
|
|
|a CL0385586
|
| 040 |
|
|
|a SNKBUCL
|b slo
|c SNKBUCL
|e AACR2
|
| 041 |
0 |
|
|a slo
|
| 044 |
|
|
|a xo
|c SK
|
| 080 |
|
|
|a 82:7.097
|2 1981
|
| 080 |
|
|
|a 7.097
|2 1981
|
| 080 |
|
|
|a 885.0
|2 1981
|
| 080 |
|
|
|a 792.7.071.2
|2 1981
|
| 080 |
|
|
|a 929 Debureau, Jean-Baptiste Gaspard
|2 1981
|
| 100 |
1 |
|
|a Heinová, Alena
|4 aut
|9 574279
|
| 245 |
1 |
0 |
|a Najväčší z pierotov
|b Podľa románu Františka Kožíka nakrútili rovnomenný televízny seriál
|c Alena Heinová
|
| 300 |
|
|
|b Fot. 5.
|
| 500 |
|
|
|a V rubrike Z pripravovaných programov.
|
| 600 |
1 |
7 |
|a Debureau, Jean-Baptiste Gaspard,
|d 1796-1846
|2 snkbucl
|9 611907
|
| 600 |
1 |
7 |
|a Kožík, František,
|d 1909-1997
|t Najväčší z pierotov
|2 snkbucl
|9 1242388
|
| 610 |
2 |
7 |
|a Československá televize
|2 SNKKA
|9 227058
|
| 650 |
0 |
7 |
|a televízne seriály
|2 snkbucl
|9 2920
|
| 655 |
|
7 |
|a články z novín a časopisov
|2 snkbucl
|9 267496
|
| 773 |
0 |
|
|t Televízia
|g Roč. 25, č. 25 (1990), s. 24-/25/
|
| 850 |
|
|
|a Slovenská národná knižnica v Martine
|a MTA001
|
| 852 |
|
|
|a SNK
|b KIS3GCP
|
| 992 |
|
|
|a RBX
|
| 999 |
|
|
|c 2200621
|d 2202551
|